| 000 | 01163nam a2200253Ia 4500 | ||
|---|---|---|---|
| 005 | 20161006123126.0 | ||
| 008 | 130821s1992 ck grmm spa | ||
| 040 |
_aCo-BoUCM _bspa _cSandra Palacio (modificó) _d[Nuevo] |
||
| 041 | _aspa | ||
| 092 |
_aTA 746.98 _b20 |
||
| 100 | 1 |
_aAngarita Contreras, Guillermo _980914 |
|
| 245 | 1 | 0 |
_aHistoria oral empresarial Francisco Helo. Toallas de Cazuca-Helo hermanos _cGuillermo Angarita Contreras ; Luis Carlos Hurtado Sarmiento |
| 260 |
_aBogotá (Colombia) _b[Editorial desconocida] _c1992 |
||
| 300 |
_a198 páginas _e1 videocasete beta 1 video VHS, DVD |
||
| 502 | _aTesis (Administrador). -- Colegio Mayor de Nuestra Señora del Rosario, Facultad de Administración de Empresas, 1992 | ||
| 610 |
_aHelo Hermanos _94316 |
||
| 650 | 1 | 7 |
_9435 _aAdministración de empresas |
| 650 | 2 | 7 |
_aIndustria textil _zBogotá (Colombia) _917476 |
| 650 | 2 | 7 |
_aTelas de algodón _xIndustria y comercio _925166 |
| 650 | 2 | 7 |
_aTesis y disertaciones académicas _925434 |
| 690 |
_aAdministración de empresas _9435 |
||
| 700 | 1 |
_aHurtado Sarmiento, Luis Carlos _980915 |
|
| 942 |
_2DEWEY _a16 _e1 _h746.98 _mA54 _cTESIS |
||
| 999 |
_c9928 _d9928 |
||